[Event "K41 Efteraars EMT Basis 2 2007"]
[Site "Valby"]
[Date "2007.10.23"]
[Round "6"]
[White "Kristensen, Steffen Michael"]
[Black "Jensen, Jan Kargaard"]
[Result "1/2-1/2"]
[WhiteElo "1214"]
[BlackElo "1677"]
[PlyCount "107"]
[EventDate "2007.??.??"]

1. e4 c5 2. Nf3 d6 3. Bc4 Nc6 4. d4 cxd4 5. Nxd4 Nf6 6. Nc3 e5 7. Nxc6 bxc6 8.
O-O Be7 9. Be3 Bb7 10. f4 Qa5 11. Qf3 O-O 12. fxe5 Qxe5 13. Qf4 Qxf4 14. Bxf4
d5 15. exd5 Bc5+ 16. Kh1 cxd5 17. Bd3 Ne4 18. Nd1 Bc6 19. h3 Rad8 20. Kh2 Bd6
21. Bxd6 Rxd6 22. Ne3 g6 23. Rad1 Re6 24. Ng4 f5 25. Nf2 Kg7 26. Nxe4 dxe4 27.
Bc4 Re7 28. Rfe1 Rb8 29. b3 Rbb7 30. a4 Rbc7 31. Rd6 Bxa4 32. g4 Be8 33. gxf5
gxf5 34. Rg1+ Bg6 35. h4 Kf8 36. h5 Bf7 37. Rf6 Ke8 38. Bb5+ Kd8 39. Rg8+ Be8
40. Rff8 Rxc2+ 41. Kg3 f4+ 42. Kxf4 Rf2+ 43. Ke3 Rxf8 44. Rxf8 Re5 45. Rxe8+
Rxe8 46. Bxe8 Kxe8 47. Kxe4 Kf7 48. Kf5 Kg7 49. Kg5 h6+ 50. Kf5 Kf7 51. Ke5 Ke7
52. Kf5 Kf7 53. Ke5 Ke7 54. Kf5 1/2-1/2

[Event "K41 Efteraars EMT Basis 2 2007"]
[Site "Valby"]
[Date "2007.10.23"]
[Round "6"]
[White "Mikkelsen, Henning Peter"]
[Black "Lichtenberg, Ivan"]
[Result "1-0"]
[WhiteElo "1264"]
[BlackElo "1244"]
[PlyCount "49"]
[EventDate "2007.??.??"]

1. c4 Nf6 2. Nc3 e6 3. Nf3 d5 4. e3 Be7 5. Qc2 O-O 6. d4 c6 7. Bd3 dxc4 8. Bxc4
h6 9. O-O Nbd7 10. b3 Nb6 11. Bd3 c5 12. Ne2 cxd4 13. Nexd4 Bd7 14. Bb2 Rc8 15.
Qe2 a6 16. Ne5 Bd6 17. f4 Nbd5 18. Rf3 Bxe5 19. fxe5 Ne8 20. Raf1 Qg5 21. Rg3
Qxe5 22. Nf5 Qc7 23. Nxh6+ Kh8 24. Nxf7+ Rxf7 25. Qh5+ 1-0

[Event "K41 Efteraars EMT Basis 2 2007"]
[Site "Valby"]
[Date "2007.10.23"]
[Round "6"]
[White "Nielsen, Soren Skovso"]
[Black "Krogh, Soren"]
[Result "1-0"]
[WhiteElo "1579"]
[BlackElo "1152"]
[PlyCount "67"]
[EventDate "2007.??.??"]

1. Nf3 Nf6 2. e3 d5 3. b3 Bf5 4. Nc3 c6 5. Bb2 e6 6. Be2 Bd6 7. d3 Qe7 8. O-O
Nbd7 9. e4 dxe4 10. dxe4 Nxe4 11. Nxe4 Bxe4 12. Qd2 O-O-O 13. Qe3 Bxf3 14. Bxf3
Bb8 15. Bxg7 Rhg8 16. Bd4 Qh4 17. g3 Qh3 18. Bg2 Qh5 19. Rad1 Rg6 20. Qf3 Qf5
21. Qc3 Qb5 22. a4 Qa6 23. Be4 e5 24. Be3 c5 25. Bxg6 hxg6 26. Qd2 Qe6 27. Bxc5
Qh3 28. Qc3 Bc7 29. Bd6 Nc5 30. Qxc5 Qd7 31. Qxc7+ Qxc7 32. Bxc7 Kxc7 33. Rxd8
Kxd8 34. f4 1-0

[Event "K41 Efteraars EMT Basis 2 2007"]
[Site "Valby"]
[Date "2007.10.23"]
[Round "6"]
[White "Pedersen, Egmont"]
[Black "Gjelstrup, Ole"]
[Result "0-1"]
[WhiteElo "1243"]
[BlackElo "1321"]
[PlyCount "84"]
[EventDate "2007.??.??"]

1. Nf3 d5 2. d4 Nf6 3. e3 e6 4. a3 c5 5. dxc5 Bxc5 6. b4 Bd6 7. Bb2 O-O 8. Nbd2
Nc6 9. c4 Re8 10. Be2 b6 11. O-O Bb7 12. b5 Na5 13. cxd5 exd5 14. Bd4 Rc8 15.
a4 Ne4 16. Nxe4 dxe4 17. Nd2 Qh4 18. g3 Qg5 19. f4 exf3 20. Nxf3 Qh6 21. Nh4
Bc5 22. Bf3 Bxd4 23. exd4 g6 24. Bxb7 Qe3+ 25. Kh1 Nxb7 26. Re1 Qxe1+ 27. Qxe1
Rxe1+ 28. Rxe1 Kf8 29. Ra1 Nd6 30. Ra2 Rc4 31. Nf3 f6 32. Kg2 Nf5 33. Kf2 Nxd4
34. Nxd4 Rxd4 35. Ke3 Rb4 36. Kd3 Ke7 37. Kc3 Re4 38. Kd3 f5 39. Kc3 Ke6 40.
Kb3 g5 41. Rc2 f4 42. gxf4 gxf4 0-1

[Event "K41 Efteraars EMT Basis 2 2007"]
[Site "Valby"]
[Date "2007.10.30"]
[Round "7"]
[White "Kristensen, Steffen Michael"]
[Black "Jorgensen, Rasmus"]
[Result "0-1"]
[WhiteElo "1214"]
[BlackElo "1548"]
[PlyCount "62"]
[EventDate "2007.??.??"]

1. e4 c6 2. d4 g6 3. Nf3 Bg7 4. Bc4 d5 5. exd5 cxd5 6. Bb5+ Bd7 7. Bxd7+ Nxd7
8. O-O Ngf6 9. Nc3 O-O 10. Be3 Rc8 11. Qd2 Nb6 12. Ne5 a6 13. Bh6 Nc4 14. Nxc4
Rxc4 15. Bxg7 Kxg7 16. Rac1 Qb6 17. Qe2 e6 18. g4 Qxd4 19. h3 Rfc8 20. Rcd1 Qf4
21. Rd3 Ne4 22. Rf3 Nxc3 23. bxc3 Qg5 24. Qd1 h5 25. Qd3 hxg4 26. Rg3 Rh8 27.
f4 Rxf4 28. Rxf4 Qxf4 29. Rxg4 Qe5 30. Rg3 Rh4 31. Rf3 Re4 0-1

[Event "K41 Efteraars EMT Basis 2 2007"]
[Site "Valby"]
[Date "2007.10.30"]
[Round "7"]
[White "Eiholt, Bjarne"]
[Black "Mikkelsen, Henning Peter"]
[Result "1-0"]
[WhiteElo "1349"]
[BlackElo "1264"]
[PlyCount "81"]
[EventDate "2007.??.??"]

1. d4 f5 2. e4 fxe4 3. Nc3 d5 4. Qh5+ g6 5. Qxd5 Nd7 6. Bc4 Ndf6 7. Qf7+ Kd7 8.
Bf4 Qe8 9. Qe6+ Kd8 10. Qe5 Qc6 11. Bb5 Qd6 12. Qg5 Qb4 13. Qg3 Nd5 14. Nge2 c6
15. Ba4 Bf5 16. O-O Ngf6 17. a3 Qb6 18. Nxd5 Nxd5 19. Be5 Rg8 20. c4 Nf6 21. b4
Rc8 22. Bb3 Rg7 23. d5 a5 24. dxc6 Rxc6 25. Rfd1+ Kc8 26. b5 Rc5 27. Bd4 e5 28.
Bxc5 Bxc5 29. h3 e3 30. fxe3 Ne4 31. Qxe5 Bxe3+ 32. Kh2 Bh6 33. c5 Qxb5 34.
Be6+ Bxe6 35. Qxe6+ Kb8 36. Qxe4 Rf7 37. Rab1 Qa6 38. Qe8+ Ka7 39. Rd8 Bf4+ 40.
Nxf4 b5 41. Ra8+ 1-0

[Event "K41 Efteraars EMT Basis 2 2007"]
[Site "Valby"]
[Date "2007.10.30"]
[Round "7"]
[White "Jensen, Jan Kargaard"]
[Black "Jorgensen, Orla Eilegaard"]
[Result "1-0"]
[WhiteElo "1677"]
[BlackElo "1530"]
[PlyCount "63"]
[EventDate "2007.??.??"]

1. e4 d6 2. c4 Nf6 3. Nc3 g6 4. d4 Bg7 5. Be2 O-O 6. f4 e6 7. Be3 c6 8. e5 dxe5
9. dxe5 Nfd7 10. Nf3 Qc7 11. O-O b6 12. Qc2 Bb7 13. Rad1 Na6 14. a3 Rad8 15.
Ng5 Rfe8 16. Nge4 f6 17. Nd6 Re7 18. Nxb7 Qxb7 19. exf6 Bxf6 20. Ne4 Bg7 21.
Bd4 e5 22. fxe5 Bxe5 23. Bxe5 Rxe5 24. Nd6 Qb8 25. Nf7 Rxe2 26. Qxe2 Re8 27.
Qg4 Nf8 28. Nh6+ Kg7 29. Rf7+ Kh8 30. Rxf8+ Kg7 31. Rf7+ Kh8 32. Qd4+ 1-0

[Event "K41 Efteraars EMT Basis 2 2007"]
[Site "Valby"]
[Date "2007.10.30"]
[Round "7"]
[White "Gjelstrup, Ole"]
[Black "Nielsen, Soren Skovso"]
[Result "1/2-1/2"]
[WhiteElo "1321"]
[BlackElo "1579"]
[PlyCount "142"]
[EventDate "2007.??.??"]

1. d4 Nf6 2. Nf3 e6 3. e3 c5 4. Bd3 d5 5. b3 cxd4 6. exd4 Bb4+ 7. c3 Be7 8. O-O
b6 9. Nbd2 O-O 10. Ne5 Nbd7 11. f4 Qc7 12. Bb2 Bb7 13. Qc2 Rfc8 14. Rac1 Nf8
15. Ndf3 a6 16. Ng5 Bd6 17. Ngxf7 Bxe5 18. Nxe5 Qe7 19. Rf3 Rc7 20. Rcf1 Rac8
21. Qe2 b5 22. Rh3 Qe8 23. Ng4 Nxg4 24. Qxg4 Rf7 25. f5 Rf6 26. fxe6 Qxe6 27.
Qxe6+ Rxe6 28. Bf5 Re2 29. Bxc8 Bxc8 30. Rhf3 Ng6 31. Ba3 Re8 32. Rf7 Bg4 33.
Bd6 h6 34. h3 Be6 35. Rc7 Rd8 36. Rc6 Ra8 37. Bc5 Bf7 38. Rd6 Nf8 39. Rxf7 Kxf7
40. Rxd5 Ne6 41. Rd7+ Kg8 42. Bd6 Ng5 43. c4 bxc4 44. bxc4 Rc8 45. Rc7 Re8 46.
Re7 Rxe7 47. Bxe7 Ne4 48. d5 Kf7 49. Bb4 Nf6 50. Kf2 Nd7 51. Ke3 g6 52. Kd4 Ke8
53. d6 Nb8 54. Kd5 Kd7 55. Kc5 Nc6 56. a3 Ne5 57. Kd5 Nc6 58. c5 h5 59. g4 hxg4
60. hxg4 Nd8 61. Bd2 Nc6 62. Be3 Nd8 63. Ke5 Ne6 64. Kf6 g5 65. Bd2 Nxc5 66.
Bxg5 Ne4+ 67. Kg6 Nxd6 68. Bh6 Ke6 69. g5 Nf5 70. Kh7 Ne7 71. g6 Nxg6 1/2-1/2

[Event "K41 Efteraars EMT Basis 2 2007"]
[Site "Valby"]
[Date "2007.10.30"]
[Round "7"]
[White "Jacobsen, Mads Holger Bang"]
[Black "Krogh, Soren"]
[Result "1-0"]
[WhiteElo "1518"]
[BlackElo "1152"]
[PlyCount "77"]
[EventDate "2007.??.??"]

1. d4 Nf6 2. c4 c5 3. d5 d6 4. Nc3 g6 5. e4 Bg7 6. f4 O-O 7. Nf3 e6 8. Be2 exd5
9. cxd5 Re8 10. e5 dxe5 11. fxe5 Ng4 12. Bg5 Qb6 13. O-O c4+ 14. Kh1 Nf2+ 15.
Rxf2 Qxf2 16. Bxc4 Bg4 17. Ne4 Qb6 18. Bf6 Nd7 19. Bxg7 Kxg7 20. e6 Ne5 21.
exf7 Rec8 22. f8=Q+ Rxf8 23. Be2 Qe3 24. Neg5 Nf7 25. Qd4+ Qxd4 26. Nxd4 Bxe2
27. Nge6+ Kh8 28. Nxe2 Rfd8 29. Nxd8 Rxd8 30. Rd1 Ng5 31. Nc3 Kg7 32. Kg1 Kf6
33. Re1 h5 34. h4 Nf7 35. Kf2 Ne5 36. Rd1 Kf5 37. Ne2 Kg4 38. Rd4+ Kf5 39. Rf4#
1-0

[Event "K41 Efteraars EMT Basis 2 2007"]
[Site "Valby"]
[Date "2007.10.30"]
[Round "7"]
[White "Lichtenberg, Ivan"]
[Black "Pedersen, Egmont"]
[Result "1/2-1/2"]
[WhiteElo "1244"]
[BlackElo "1243"]
[PlyCount "92"]
[EventDate "2007.??.??"]

1. e4 c5 2. Nf3 d6 3. d4 cxd4 4. Nxd4 Nf6 5. Nc3 a6 6. f3 e6 7. Be3 Qc7 8. Qd2
Nbd7 9. O-O-O b5 10. g4 h6 11. h4 Ne5 12. Be2 Bb7 13. g5 hxg5 14. hxg5 Rxh1 15.
Rxh1 Nfd7 16. b3 Qa5 17. Kb2 O-O-O 18. a3 Be7 19. b4 Qc7 20. Rh7 Bf8 21. f4
Nc4+ 22. Bxc4 Qxc4 23. Nb3 Kb8 24. Na5 Qc7 25. Qd4 Ba8 26. f5 e5 27. Qd3 Nb6
28. Nd5 Nxd5 29. exd5 Rc8 30. Rh4 Be7 31. c4 bxc4 32. Rxc4 Qd7 33. Rxc8+ Qxc8
34. b5 Bb7 35. Nc6+ Bxc6 36. bxc6 Kc7 37. Qb3 Qb8 38. Qxb8+ Kxb8 39. Kc3 Bd8
40. Kb4 Bc7 41. a4 Bd8 42. Kc4 Kc8 43. Bd2 Kb8 44. Kd3 Kc8 45. Ke4 Kb8 46. Kf3
Bc7 1/2-1/2